[Event "ROM-ch U08"]
[Site "Calimanesti"]
[Date "2018.04.02"]
[Round "8"]
[White "Bratasanu, Vlad1111"]
[Black "Barbaneagra, Dragos"]
[Result "0-1"]
[WhiteElo "1039"]
[BlackElo "1001"]
[PlyCount "70"]
[EventDate "2018.03.27"]
[EventType "swiss"]
[EventRounds "9"]
[EventCountry "ROU"]
[SourceTitle "CBM 183 Extra"]
[Source "ChessBase"]
[SourceDate "2018.04.19"]
[SourceVersion "1"]
[SourceVersionDate "2018.04.19"]
[SourceQuality "1"]

1. e4 e5 2. Bc4 Nc6 3. Nf3 Nf6 4. Nc3 Bb4 5. d3 Bxc3+ 6. bxc3 0-0 7. 0-0 d6 8. h3 Na5 9. Bg5 Nxc4 10. dxc4 Be6 11. Qe2 Bd7 12. Rab1 Rb8 13. Rfd1 h6 14. Bxf6 Qxf6 15. c5 Qg6 16. Nh4 Qg5 17. Rd3 Rfe8 18. Nf3 Qg6 19. Nh4 Qg5 20. Nf3 Qg6 21. cxd6 cxd6 22. Nh4 Qg5 23. Nf3 Qg6 24. Rbd1 Bxh3 25. Nh4 Qg5 26. Rxh3 Re6 27. Rdd3 Qc1+ 28. Rd1 Qa3 29. Nf5 g6 30. Nxh6+ Kg7 31. Qc4 Qb2 32. Rd2 Qc1+ 33. Qf1 Qxd2 34. Qb5 a6 35. Qd7 Rf6 0-1

[Event "ROM-ch U08"]
[Site "Calimanesti"]
[Date "2018.03.31"]
[Round "6"]
[White "Trofimov, Andrei"]
[Black "Barbaneagra, Dragos"]
[Result "0-1"]
[WhiteElo "1001"]
[BlackElo "1001"]
[PlyCount "46"]
[EventDate "2018.03.27"]
[EventType "swiss"]
[EventRounds "9"]
[EventCountry "ROU"]
[SourceTitle "CBM 183 Extra"]
[Source "ChessBase"]
[SourceDate "2018.04.19"]
[SourceVersion "1"]
[SourceVersionDate "2018.04.19"]
[SourceQuality "1"]

1. e4 e5 2. Nf3 Nc6 3. Bc4 Nf6 4. d3 Bc5 5. Nc3 0-0 6. 0-0 b6 7. Bg5 Bb7 8. a3 a5 9. Re1 Ba6 10. Bxa6 Rxa6 11. Nd5 Ra7 12. Nxf6+ gxf6 13. Bh6 Re8 14. c3 Bf8 15. Bxf8 Rxf8 16. d4 d5 17. exd5 Qxd5 18. Nh4 Ne7 19. Qc2 Kh8 20. Rad1 Rg8 21. g3 Ng6 22. Nxg6+ fxg6 23. Qe2 exd4 0-1

[Event "ROM-ch U08"]
[Site "Calimanesti"]
[Date "2018.03.29"]
[Round "4"]
[White "Apostol, Ioan"]
[Black "Barbaneagra, Dragos"]
[Result "1-0"]
[WhiteElo "1157"]
[BlackElo "1001"]
[PlyCount "53"]
[EventDate "2018.03.27"]
[EventType "swiss"]
[EventRounds "9"]
[EventCountry "ROU"]
[SourceTitle "CBM 183 Extra"]
[Source "ChessBase"]
[SourceDate "2018.04.19"]
[SourceVersion "1"]
[SourceVersionDate "2018.04.19"]
[SourceQuality "1"]

1. e4 e5 2. Nf3 Nc6 3. Bc4 Nf6 4. d3 Bb4+ 5. c3 Bc5 6. 0-0 0-0 7. Nbd2 d6 8. Re1 Ng4 9. Re2 Bd7 10. h3 Nf6 11. Nf1 Qe7 12. Ng3 Rae8 13. Re1 a6 14. Bb3 Na5 15. Bc2 b6 16. b4 Nb7 17. bxc5 bxc5 18. Nf5 Bxf5 19. exf5 Nh5 20. Ng5 f6 21. Ne6 Rf7 22. Qxh5 Qd7 23. Qf3 Rxe6 24. fxe6 Qxe6 25. Bb3 Qe7 26. Bxf7+ Qxf7 27. Qxb7 1-0

[Event "ROM-ch U08"]
[Site "Calimanesti"]
[Date "2018.03.27"]
[Round "1"]
[White "Barbaneagra, Dragos"]
[Black "Dimitriu, Filip"]
[Result "0-1"]
[WhiteElo "1001"]
[BlackElo "1203"]
[PlyCount "66"]
[EventDate "2018.03.27"]
[EventType "swiss"]
[EventRounds "9"]
[EventCountry "ROU"]
[SourceTitle "CBM 183 Extra"]
[Source "ChessBase"]
[SourceDate "2018.04.19"]
[SourceVersion "1"]
[SourceVersionDate "2018.04.19"]
[SourceQuality "1"]

1. e4 c5 2. Nf3 e6 3. Nc3 Nc6 4. Bb5 a6 5. Bxc6 dxc6 6. 0-0 Be7 7. d3 Nf6 8. Bf4 0-0 9. Qd2 b6 10. Rae1 a5 11. a4 Ba6 12. Re3 Rc8 13. b3 Qd7 14. Rfe1 Ng4 15. R1e2 Nxe3 16. Rxe3 Rfd8 17. d4 cxd4 18. Nxd4 c5 19. Nf3 Qxd2 20. Nxd2 Rxd2 21. Re1 Rxc2 22. Nb1 Re2 23. Rxe2 Bxe2 24. Nc3 Rd8 25. h3 Bd1 26. Bc7 Rd7 27. Bb8 Bxb3 28. e5 Rb7 29. Bd6 Bxd6 30. exd6 Rd7 31. Ne4 Bxa4 32. h4 Bc6 33. h5 Bxe4 0-1